[Event "CAN-op"]
[Site "Edmonton CAN"]
[Date "2000.07.11"]
[Round "5"]
[White "Climenhaga, Harold"]
[Black "Ludwig, David"]
[Result "0-1"]
[WhiteElo "1938"]
[BlackElo "1801"]
[PlyCount "92"]
[GameId "2160767911686439"]
[EventDate "2000.07.08"]
[EventType "swiss"]
[EventRounds "10"]
[EventCountry "CAN"]

1. e4 Nf6 2. e5 Nd5 3. d4 d6 4. Nf3 Bg4 5. Be2 e6 6. O-O Be7 7. c4 Nb6 8. b3 N8d7 9. Bf4 O-O 10. Nbd2 f6 11. exd6 cxd6 12. h3 Bh5 13. Ne4 e5 14. Bh2 Bg6 15. Nc3 e4 16. Nh4 f5 17. Nxg6 hxg6 18. f3 Nf6 19. fxe4 fxe4 20. Bg4 d5 21. c5 Nxg4 22. Qxg4 Bf6 23. Rad1 Bxd4+ 24. Rxd4 Rxf1+ 25. Kxf1 Qf6+ 26. Ke1 Qxd4 27. Qe6+ Kh7 28. Be5 Qxc5 29. Qf7 Qf8 30. Qxb7 e3 31. Nd1 Re8 32. Bd4 Re7 33. Qa6 Qf4 34. Qd3 Qg3+ 35. Ke2 Qxg2+ 36. Ke1 e2 37. Ne3 Qg1+ 38. Kxe2 Qg2+ 39. Kd1 Qf3+ 40. Kd2 Qxh3 41. Bc5 Qh2+ 42. Kc3 Qe5+ 43. Kd2 Rd7 44. Ng4 Qf4+ 45. Ne3 d4 46. Bxb6 dxe3+ 0-1

[Event "CAN-op"]
[Site "Edmonton CAN"]
[Date "2000.07.11"]
[Round "5"]
[White "Daniluk, Jim"]
[Black "Goude, Brian"]
[Result "1-0"]
[WhiteElo "2123"]
[BlackElo "1868"]
[PlyCount "56"]
[GameId "2160767911686440"]
[EventDate "2000.07.08"]
[EventType "swiss"]
[EventRounds "10"]
[EventCountry "CAN"]

1. d4 d5 2. c4 e6 3. Nf3 Nf6 4. Nc3 c6 5. g3 Nbd7 6. Bg2 Bd6 7. Qc2 O-O 8. e4 dxe4 9. Nxe4 Nxe4 10. Qxe4 Nf6 11. Qc2 c5 12. dxc5 Bxc5 13. O-O Rb8 14. Bf4 Ra8 15. Rad1 Qe7 16. a3 a5 17. Rd2 Nh5 18. Be5 f6 19. Bc3 e5 20. Re1 Be6 21. Nxe5 Bxc4 22. Nf3 Qf7 23. b4 axb4 24. axb4 Ra2 25. Qf5 Bb6 26. Rxa2 Bxa2 27. g4 g6 28. Qb5 Qb3 1-0

[Event "CAN-op"]
[Site "Edmonton CAN"]
[Date "2000.07.11"]
[Round "5"]
[White "Davies, Noam"]
[Black "Bubar, Rob"]
[Result "1-0"]
[WhiteElo "1485"]
[BlackElo "1666"]
[PlyCount "120"]
[GameId "2160767911686441"]
[EventDate "2000.07.08"]
[EventType "swiss"]
[EventRounds "10"]
[EventCountry "CAN"]

1. e4 c6 2. d4 d5 3. e5 c5 4. dxc5 e6 5. Be3 Nd7 6. Bb5 Qa5+ 7. Nc3 a6 8. Bxd7+ Bxd7 9. Nf3 Bxc5 10. Bxc5 Qxc5 11. Qd4 Qxd4 12. Nxd4 f6 13. exf6 Nxf6 14. O-O O-O 15. Rfe1 Rae8 16. Re2 e5 17. Nf3 e4 18. Nd4 b5 19. a3 Re5 20. f3 Rfe8 21. Rae1 g5 22. fxe4 dxe4 23. h3 Kg7 24. Nf3 R5e7 25. Nxg5 e3 26. Nf3 Bc8 27. Nh2 Nh5 28. Nf1 Bb7 29. Rxe3 Rxe3 30. Rxe3 Rxe3 31. Nxe3 Nf4 32. Kf2 Kf6 33. Ne2 Ne6 34. Ng4+ Kg5 35. Ng1 Be4 36. Nf3+ Kf4 37. g3+ Kf5 38. Ne3+ Kf6 39. g4 Ng5 40. Nxg5 Kxg5 41. Kg3 Kf6 42. Kf4 Bg6 43. c3 Ke6 44. h4 Bd3 45. g5 Kf7 46. Ng4 Bc2 47. h5 Kg7 48. Ne5 h6 49. b4 hxg5+ 50. Kxg5 Kh7 51. Nd7 Kg7 52. Nc5 Kf7 53. Nxa6 Ke7 54. Nc7 Bd3 55. h6 Kd7 56. Nxb5 Ke7 57. a4 Kf7 58. Nd6+ Ke6 59. Ne8 Kf7 60. Nf6 Ke6 1-0

[Event "CAN-op"]
[Site "Edmonton CAN"]
[Date "2000.07.11"]
[Round "5"]
[White "Day, Jonathan"]
[Black "Allan, Phillip"]
[Result "0-1"]
[WhiteElo "1836"]
[BlackElo "2037"]
[PlyCount "92"]
[GameId "2160767911686442"]
[EventDate "2000.07.08"]
[EventType "swiss"]
[EventRounds "10"]
[EventCountry "CAN"]

1. c4 Nf6 2. d4 g6 3. Nc3 Bg7 4. e4 d6 5. h3 O-O 6. Bd3 e5 7. Nge2 Nbd7 8. d5 Nc5 9. Bc2 a5 10. Be3 b6 11. Qd2 Bd7 12. Bg5 Qe8 13. f3 b5 14. b3 b4 15. Nd1 Nh5 16. Rb1 f5 17. g4 fxg4 18. hxg4 Qf7 19. Qe3 Nf4 20. Nxf4 exf4 21. Qg1 a4 22. Qh2 Be5 23. Nf2 axb3 24. Bxb3 Nxb3 25. axb3 Ra2 26. Qh4 Rfa8 27. Nd3 Ra1 28. Rxa1 Rxa1+ 29. Ke2 Ra2+ 30. Kd1 Qg7 31. Nxe5 Ra1+ 32. Ke2 Rxh1 33. Qxh1 Qxe5 34. Qh4 Qb2+ 35. Kf1 Qxb3 36. Bf6 Qxf3+ 37. Kg1 Qxg4+ 38. Qxg4 Bxg4 39. e5 dxe5 40. Bxe5 b3 41. Kf2 Kf7 42. Ke1 g5 43. Kd2 Bf5 44. Kc3 h5 45. Bxc7 h4 46. Kxb3 h3 0-1

[Event "CAN-op"]
[Site "Edmonton CAN"]
[Date "2000.07.11"]
[Round "5"]
[White "Deimert, David"]
[Black "Stone, Gerald"]
[Result "1/2-1/2"]
[WhiteElo "1099"]
[BlackElo "1501"]
[PlyCount "100"]
[GameId "2160767911686443"]
[EventDate "2000.07.08"]
[EventType "swiss"]
[EventRounds "10"]
[EventCountry "CAN"]

1. d4 d5 2. c4 e6 3. Nc3 Nc6 4. Nf3 Bb4 5. Bg5 f6 6. Bd2 Bxc3 7. Bxc3 Nge7 8. e3 O-O 9. Qc2 a6 10. Bd3 f5 11. O-O b5 12. cxb5 axb5 13. Bxb5 Na7 14. Be2 Bd7 15. Ne5 Bb5 16. Rac1 Bxe2 17. Qxe2 Nec6 18. Nxc6 Nxc6 19. a3 Rf6 20. Rc2 Rh6 21. Rfc1 Qd6 22. g3 Rc8 23. Be1 Ne7 24. Rc3 Kf7 25. Qc2 c6 26. Rb3 e5 27. Bb4 Qe6 28. Bxe7 Qxe7 29. dxe5 Qxe5 30. Qc3 Qe6 31. a4 Rf6 32. a5 Kg6 33. Qd4 Qd6 34. Qc5 Qc7 35. Qb6 Qd7 36. a6 c5 37. Qa5 c4 38. Rb6 Ra8 39. Rb5 Rfxa6 40. Rxd5 Qa7 41. Qb4 Ra1 42. Qxc4 Rxc1+ 43. Qxc1 Qa1 44. Qxa1 Rxa1+ 45. Kg2 Rb1 46. Rd2 h5 47. h4 Kf6 48. f4 Ke6 49. Kf2 g6 50. Ke2 Rc1 1/2-1/2

[Event "CAN-op"]
[Site "Edmonton CAN"]
[Date "2000.07.11"]
[Round "5"]
[White "Dougherty, Michael"]
[Black "Schmitz, Manuela"]
[Result "1-0"]
[WhiteElo "2226"]
[BlackElo "2102"]
[PlyCount "101"]
[GameId "2160767911686444"]
[EventDate "2000.07.08"]
[EventType "swiss"]
[EventRounds "10"]
[EventCountry "CAN"]
[SourceTitle "EXT 2002"]
[Source "ChessBase"]
[SourceDate "2001.11.25"]
[SourceVersion "1"]
[SourceVersionDate "2001.11.25"]
[SourceQuality "1"]

1. d4 d5 2. Nf3 Nf6 3. c4 dxc4 4. Nc3 a6 5. a4 Nc6 6. e4 Bg4 7. e5 Nd5 8. Be3 e6 9. Bxc4 Bb4 10. Rc1 Nce7 11. O-O O-O 12. Be2 c6 13. h3 Bh5 14. Ne4 Bg6 15. Bd3 Nf5 16. Bd2 Be7 17. Qb3 Rb8 18. g4 Nh4 19. Nxh4 Bxh4 20. Nc5 Bxd3 21. Qxd3 Be7 22. Ne4 Qb6 23. Bc3 Rfd8 24. Qf3 c5 25. a5 Qc6 26. dxc5 Nxc3 27. Rxc3 Rd5 28. Nd6 f6 29. exf6 Bxf6 30. Rb3 Rxc5 31. Ne4 Rc1 32. Rxc1 Qxc1+ 33. Kg2 Bd4 34. Qe2 Rf8 35. Rf3 Rxf3 36. Qxf3 Qc6 37. b4 Qd5 38. Nc5 Bxc5 39. Qxd5 exd5 40. bxc5 Kf7 41. f4 Ke6 42. Kf3 d4 43. Ke4 d3 44. f5+ Kf6 45. Kxd3 Kg5 46. Ke4 Kh4 47. Ke5 h6 48. Kd6 Kxh3 49. Kc7 Kxg4 50. Kxb7 h5 51. c6 1-0

[Event "CAN-op"]
[Site "Edmonton CAN"]
[Date "2000.07.11"]
[Round "5"]
[White "Gardner, Robert"]
[Black "Chow, Vincent"]
[Result "1-0"]
[WhiteElo "2285"]
[BlackElo "2042"]
[PlyCount "83"]
[GameId "2160767911686445"]
[EventDate "2000.07.08"]
[EventType "swiss"]
[EventRounds "10"]
[EventCountry "CAN"]

1. e4 c6 2. d4 d5 3. e5 Bf5 4. Nc3 e6 5. g4 Bg6 6. Nge2 Ne7 7. Nf4 Nd7 8. h4 h5 9. Nxh5 Bxh5 10. gxh5 Qb6 11. Na4 Qa5+ 12. c3 c5 13. Nxc5 Nxc5 14. b4 Qa4 15. bxc5 Qxd1+ 16. Kxd1 Rxh5 17. Bg5 Kd7 18. Be2 Rh7 19. h5 Nf5 20. Bb5+ Kc7 21. Bd3 g6 22. Kc2 gxh5 23. Bxf5 exf5 24. Rh4 b6 25. cxb6+ axb6 26. Kb2 Kc6 27. Rf4 Kb5 28. Rxf5 h4 29. Rh1 h3 30. Rf3 f6 31. exf6 h2 32. f7 Bd6 33. Rf6 Be7 34. Rf5 Ba3+ 35. Kb3 Kc6 36. Bf4 Bf8 37. Rxh2 Rg7 38. Bh6 Rg1 39. Bxf8 Rb1+ 40. Kc2 Ra1 41. Bb4 R8xa2+ 42. Kd3 1-0

[Event "CAN-op"]
[Site "Edmonton CAN"]
[Date "2000.07.11"]
[Round "5"]
[White "Gibson, Vince"]
[Black "Chiba, James"]
[Result "0-1"]
[WhiteElo "1446"]
[BlackElo "1750"]
[PlyCount "81"]
[GameId "2160767911686446"]
[EventDate "2000.07.08"]
[EventType "swiss"]
[EventRounds "10"]
[EventCountry "CAN"]

1. e4 c5 2. Nf3 d6 3. d4 cxd4 4. Nxd4 Nf6 5. Nc3 g6 6. Be3 Bg7 7. Bd3 O-O 8. Qd2 Nc6 9. Nxc6 bxc6 10. Bh6 Bb7 11. Bxg7 Kxg7 12. O-O Qa5 13. Qf4 e5 14. Qh4 Rab8 15. Ne2 Ba6 16. b3 Bxd3 17. cxd3 Qd2 18. f4 Qxe2 19. fxe5 Nh5 20. g4 Qxd3 21. gxh5 Qd4+ 22. Kh1 Qxe5 23. h6+ Kg8 24. Qf6 Qxf6 25. Rxf6 d5 26. exd5 cxd5 27. Rd6 Rbd8 28. Ra6 Rd7 29. Rd1 f5 30. Rd4 Kf7 31. Kg2 Re8 32. Kf3 Re4 33. Raa4 Ke6 34. Rxe4+ fxe4+ 35. Kf4 Rf7+ 36. Ke3 Ke5 37. Rb4 Rf3+ 38. Ke2 d4 39. Rb7 d3+ 40. Kd1 e3 41. Ke1 0-1

[Event "CAN-op"]
[Site "Edmonton CAN"]
[Date "2000.07.11"]
[Round "5"]
[White "Gomboc, Dave"]
[Black "Ramaswamy, Kiran"]
[Result "1-0"]
[WhiteElo "1991"]
[BlackElo "1749"]
[PlyCount "81"]
[GameId "2160767911686447"]
[EventDate "2000.07.08"]
[EventType "swiss"]
[EventRounds "10"]
[EventCountry "CAN"]

1. d4 Nf6 2. c4 c5 3. d5 e5 4. Nc3 d6 5. e4 Be7 6. Be2 O-O 7. Be3 Ne8 8. g4 Bg5 9. Qd2 Bxe3 10. Qxe3 Na6 11. h4 Nac7 12. f4 exf4 13. Qxf4 Nf6 14. g5 Nfe8 15. O-O-O a6 16. Nf3 b5 17. e5 bxc4 18. Bxc4 Rb8 19. h5 Nb5 20. Nxb5 axb5 21. Bd3 Ra8 22. Qe4 g6 23. e6 Qe7 24. Bxb5 Rxa2 25. Kb1 Qa7 26. Nh4 fxe6 27. Rh2 Ra1+ 28. Kc2 Rxd1 29. Kxd1 gxh5 30. dxe6 Qe7 31. Nf5 Rxf5 32. Qxf5 Bxe6 33. Re2 Bxf5 34. Rxe7 Ng7 35. Bc4+ Kf8 36. Rf7+ Ke8 37. Rxg7 Be4 38. Ke2 h4 39. Bd3 Bg2 40. Rxh7 h3 41. Bf5 1-0

[Event "CAN-op"]
[Site "Edmonton CAN"]
[Date "2000.07.11"]
[Round "5"]
[White "Gomes, Alan"]
[Black "Deimert, Elroy"]
[Result "1-0"]
[WhiteElo "1946"]
[BlackElo "1713"]
[PlyCount "81"]
[GameId "2160767911686448"]
[EventDate "2000.07.08"]
[EventType "swiss"]
[EventRounds "10"]
[EventCountry "CAN"]

1. e4 e5 2. Nf3 Nc6 3. Nc3 Bc5 4. Bb5 d6 5. d4 exd4 6. Nxd4 Bd7 7. Bxc6 bxc6 8. O-O Bb4 9. Qf3 Ne7 10. Bg5 O-O 11. Nce2 f6 12. Bh4 Ng6 13. Bg3 Rb8 14. Nf4 Ne5 15. Qb3+ Rf7 16. c3 Ba5 17. Qc2 Qc8 18. a4 a6 19. b4 Bb6 20. Nb3 g5 21. Nd3 Nxd3 22. Qxd3 Be8 23. c4 Rd7 24. Qc3 Bf7 25. Rad1 Qd8 26. Kh1 Kg7 27. f4 h6 28. fxg5 hxg5 29. Rf5 d5 30. c5 Bxc5 31. Nxc5 d4 32. Qf3 Rxb4 33. h4 Qh8 34. Nxd7 Bh5 35. Rxg5+ Kf7 36. Rxh5 Qg7 37. e5 Ke8 38. Qxc6 Kd8 39. exf6 Qxd7 40. Rh8+ Qe8 41. Rxe8# 1-0

[Event "CAN-op"]
[Site "Edmonton CAN"]
[Date "2000.07.11"]
[Round "5"]
[White "Gushuliak, Justin"]
[Black "Lee, Jason"]
[Result "1/2-1/2"]
[WhiteElo "2119"]
[BlackElo "1958"]
[PlyCount "101"]
[GameId "2160767911686449"]
[EventDate "2000.07.08"]
[EventType "swiss"]
[EventRounds "10"]
[EventCountry "CAN"]

1. e4 c5 2. c3 d5 3. exd5 Qxd5 4. d4 Nf6 5. Nf3 Bg4 6. Be2 e6 7. O-O Nc6 8. h3 Bh5 9. Be3 cxd4 10. Nxd4 Bxe2 11. Qxe2 Nxd4 12. Bxd4 Be7 13. Rd1 Qc6 14. Nd2 O-O 15. Nf3 Qe4 16. Kf1 Rfd8 17. Qxe4 Nxe4 18. Ke2 Nd6 19. Bc5 Nf5 20. Rxd8+ Bxd8 21. Rd1 b6 22. Ba3 Be7 23. Bxe7 Nxe7 24. Rd7 Kf8 25. Ne5 f6 26. Nc4 Nd5 27. Nd6 Nf4+ 28. Kf3 Nd3 29. Nc4 Nc5 30. Rc7 Na6 31. Rb7 Nc5 32. Rc7 Na6 33. Rc6 Ke7 34. b4 Rd8 35. Ke2 Nb8 36. Rc7+ Rd7 37. Rc8 Rd8 38. Rxd8 Kxd8 39. a4 Kc7 40. Kd3 Kc6 41. Kd4 Nd7 42. f4 a6 43. a5 b5 44. Ne3 e5+ 45. fxe5 Nxe5 46. Nf5 g6 47. Ne7+ Kd6 48. Nc8+ Kc7 49. Ne7 Kd6 50. Ng8 Nd7 51. Nh6 1/2-1/2

[Event "CAN-op"]
[Site "Edmonton CAN"]
[Date "2000.07.11"]
[Round "5"]
[White "Hansen, Steve"]
[Black "Stanford, Mike"]
[Result "0-1"]
[WhiteElo "1781"]
[BlackElo "2124"]
[PlyCount "72"]
[GameId "2160767911686450"]
[EventDate "2000.07.08"]
[EventType "swiss"]
[EventRounds "10"]
[EventCountry "CAN"]

1. Nf3 Nf6 2. g3 g6 3. b4 Bg7 4. Bb2 b6 5. Bg2 Bb7 6. O-O O-O 7. c4 c5 8. Qb3 cxb4 9. a3 bxa3 10. Nxa3 d6 11. d4 Nfd7 12. Rfd1 Qc8 13. Nc2 Nc6 14. Ne3 e6 15. Rac1 Re8 16. Ba3 Bf8 17. Bh3 Qc7 18. Bb2 Bg7 19. Ba3 Bf8 20. Bb2 Na5 21. Qa2 Rac8 22. Ba3 Ba6 23. Nd2 Bb7 24. Rc3 Bg7 25. Nb3 Nxb3 26. Qxb3 d5 27. c5 bxc5 28. Bxc5 Nxc5 29. Rxc5 Qe7 30. Rb5 Ba6 31. Rb4 Bxe2 32. Rb1 a6 33. Rb7 Qf8 34. Qb6 Bb5 35. Qa7 Ra8 36. Qb6 Rab8 0-1

[Event "CAN-op"]
[Site "Edmonton CAN"]
[Date "2000.07.11"]
[Round "5"]
[White "Harris, Greg"]
[Black "Nishida, Harold"]
[Result "0-1"]
[WhiteElo "1787"]
[BlackElo "2037"]
[PlyCount "46"]
[GameId "2160767911686451"]
[EventDate "2000.07.08"]
[EventType "swiss"]
[EventRounds "10"]
[EventCountry "CAN"]

1. e4 c5 2. Nc3 d6 3. f4 g6 4. Bb5+ Bd7 5. Bxd7+ Qxd7 6. Nf3 Nc6 7. d3 Bg7 8. O-O Nh6 9. Ne2 b5 10. c3 b4 11. Bd2 O-O 12. Qc1 f5 13. cxb4 Nxb4 14. Bxb4 cxb4 15. Qc4+ e6 16. Ned4 d5 17. exd5 exd5 18. Qxb4 a5 19. Qd2 Qa7 20. Rac1 Bxd4+ 21. Nxd4 Qxd4+ 22. Kh1 Ng4 23. Rce1 Rfe8 0-1

[Event "CAN-op"]
[Site "Edmonton CAN"]
[Date "2000.07.11"]
[Round "5"]
[White "Haynes, Nicolas"]
[Black "Boehmer, Kris"]
[Result "1/2-1/2"]
[WhiteElo "1795"]
[BlackElo "2140"]
[PlyCount "68"]
[GameId "2160767911686452"]
[EventDate "2000.07.08"]
[EventType "swiss"]
[EventRounds "10"]
[EventCountry "CAN"]

1. e4 c5 2. Nf3 Nc6 3. Bb5 g6 4. O-O Bg7 5. c3 Nf6 6. Re1 O-O 7. e5 Nd5 8. d4 cxd4 9. cxd4 d6 10. exd6 exd6 11. Nc3 Nxc3 12. bxc3 Qa5 13. Qb3 Bg4 14. Bxc6 bxc6 15. Ng5 Bxd4 16. Bd2 Bf6 17. Ne4 Be5 18. Kh1 Rab8 19. Qc2 Bf5 20. Qc1 Bxe4 21. Rxe4 Qb6 22. f4 Bf6 23. Qe1 d5 24. Re2 Qc5 25. f5 Rb2 26. Rc1 Qc4 27. fxg6 hxg6 28. Re8 Qh4 29. g3 Qh3 30. Rxf8+ Kxf8 31. Qf2 Bg5 32. Rf1 f5 33. Re1 d4 34. Qxd4 Qxh2+ 1/2-1/2

[Event "CAN-op"]
[Site "Edmonton CAN"]
[Date "2000.07.11"]
[Round "5"]
[White "Hinds, Ronald"]
[Black "Sullivan, Brian"]
[Result "1/2-1/2"]
[WhiteElo "2049"]
[BlackElo "1746"]
[PlyCount "100"]
[GameId "2160767911686453"]
[EventDate "2000.07.08"]
[EventType "swiss"]
[EventRounds "10"]
[EventCountry "CAN"]

1. e4 c5 2. Nc3 d6 3. g3 Nf6 4. Bg2 Nc6 5. Nge2 g6 6. O-O Bg7 7. d3 Bd7 8. h3 Qc8 9. Kh2 a6 10. Be3 Rb8 11. Qd2 b5 12. f4 h5 13. Nd1 Nd4 14. c3 Nxe2 15. Qxe2 b4 16. Qd2 bxc3 17. bxc3 a5 18. e5 Nh7 19. d4 Qc7 20. Rc1 a4 21. Be4 a3 22. exd6 exd6 23. f5 Nf6 24. Bc2 h4 25. g4 O-O 26. Bg5 gxf5 27. gxf5 Nh5 28. Bxh4 d5+ 29. Kg1 f6 30. Qe3 cxd4 31. cxd4 Kh7 32. Qf3 Rg8 33. Qxh5+ Bh6+ 34. Kh1 Be8 35. Qf3 Bxc1 36. Bb3 Rxb3 37. Qxb3 Qc4 38. Qxc4 dxc4 39. Bxf6 Bc6+ 40. Kh2 Rg2+ 41. Kh1 Rxa2+ 42. Kg1 Rg2+ 43. Kh1 Rg6+ 44. Kh2 Rg2+ 45. Kh1 a2 46. d5 Bxd5 47. Nc3 Rf2+ 48. Kg1 Rxf1+ 49. Kxf1 a1=Q 50. Nxd5 Bg5+ 1/2-1/2

[Event "CAN-op"]
[Site "Edmonton CAN"]
[Date "2000.07.11"]
[Round "5"]
[White "Kaptsan, Aron"]
[Black "Yoos, John"]
[Result "1/2-1/2"]
[WhiteElo "2170"]
[BlackElo "2373"]
[PlyCount "97"]
[GameId "2160767911686456"]
[EventDate "2000.07.08"]
[EventType "swiss"]
[EventRounds "10"]
[EventCountry "CAN"]
[SourceTitle "EXT 2001"]
[Source "ChessBase"]
[SourceDate "2000.11.22"]
[SourceVersion "1"]
[SourceVersionDate "2000.11.22"]
[SourceQuality "1"]

1. d4 Nf6 2. Nf3 g6 3. b3 Bg7 4. Bb2 O-O 5. g3 d6 6. Bg2 c6 7. O-O Nbd7 8. Qc1 Re8 9. Rd1 Qc7 10. Nbd2 c5 11. c4 cxd4 12. Nxd4 a6 13. N2f3 Nc5 14. Nc2 Bd7 15. Ne3 Bc6 16. Nd5 Bxd5 17. cxd5 Rac8 18. Nd4 Qb6 19. Qd2 a5 20. Rac1 Ra8 21. Rc4 Qa6 22. Rdc1 Qb6 23. Ba1 Ra6 24. Qc2 Rea8 25. h3 Qd8 26. Kh2 Nfd7 27. Qd1 Rb6 28. f4 Rb4 29. a3 Rxc4 30. bxc4 a4 31. Bc3 Qb6 32. Nb5 Nb3 33. Rc2 Bxc3 34. Rxc3 Qc5 35. e3 Nb6 36. Bf1 Rc8 37. Qc2 Na8 38. Kg2 Nc7 39. Nxc7 Rxc7 40. Qb2 b5 41. e4 Na5 42. Qf2 bxc4 43. Qxc5 Rxc5 44. Kf2 e6 45. Ke3 exd5 46. exd5 Rxd5 47. Bxc4 Nxc4+ 48. Rxc4 Ra5 49. Rc6 1/2-1/2

[Event "CAN-op"]
[Site "Edmonton CAN"]
[Date "2000.07.11"]
[Round "5"]
[White "Kesteris, Imants"]
[Black "Bojovic, Gavrilo"]
[Result "1/2-1/2"]
[WhiteElo "1744"]
[BlackElo "2093"]
[PlyCount "120"]
[GameId "2160767911686457"]
[EventDate "2000.07.08"]
[EventType "swiss"]
[EventRounds "10"]
[EventCountry "CAN"]

1. e4 e6 2. d4 d5 3. Nc3 Nf6 4. exd5 exd5 5. Nf3 Bd6 6. Be2 O-O 7. Bg5 c6 8. O-O Nbd7 9. Re1 Re8 10. Qd3 Nf8 11. Bf1 Be6 12. Ne5 Ng6 13. f4 Qc8 14. Qf3 Bf5 15. Bxf6 gxf6 16. Nd3 Qc7 17. g3 b5 18. a3 a5 19. Rxe8+ Rxe8 20. Re1 Rb8 21. Nd1 Be4 22. Qh5 b4 23. axb4 axb4 24. N1f2 f5 25. Bh3 Qa7 26. Bxf5 Qxd4 27. Bxe4 dxe4 28. Rxe4 Qd5 29. Qxd5 cxd5 30. Rd4 Ne7 31. Ng4 Rc8 32. Ne3 Kg7 33. Kf1 Ra8 34. Nxd5 Ra1+ 35. Kg2 Rd1 36. N5xb4 Rd2+ 37. Kh3 Bxb4 38. Rxb4 Rxc2 39. Ne5 f5 40. Rb6 Nd5 41. Rb7+ Kf6 42. Nd7+ Ke6 43. Nf8+ Kd6 44. Nxh7 Ne3 45. Nf6 Nf1 46. Kh4 Rxh2+ 47. Kg5 Nxg3 48. b4 Ke6 49. Rb6+ Kf7 50. b5 Rg2 51. Nd5 Rh2 52. Nf6 Rg2 53. Nd7 Ke7 54. Ne5 Ne4+ 55. Kxf5 Nd6+ 56. Rxd6 Kxd6 57. Kf6 Rg8 58. f5 Rf8+ 59. Nf7+ Kd7 60. Kg7 Rb8 1/2-1/2

[Event "CAN-op"]
[Site "Edmonton CAN"]
[Date "2000.07.11"]
[Round "5"]
[White "Kesteris, Thorston"]
[Black "Tuason, Alfred"]
[Result "0-1"]
[WhiteElo "1152"]
[BlackElo "1558"]
[PlyCount "116"]
[GameId "2160767911686458"]
[EventDate "2000.07.08"]
[EventType "swiss"]
[EventRounds "10"]
[EventCountry "CAN"]

1. e4 g6 2. Nc3 Bg7 3. d4 d6 4. Be3 Nf6 5. Be2 O-O 6. h3 e6 7. Nf3 Nbd7 8. Qd2 c5 9. O-O cxd4 10. Nxd4 Nc5 11. Bf3 d5 12. exd5 Nxd5 13. Nxd5 exd5 14. Rfe1 Ne4 15. Qd3 f5 16. Rad1 a6 17. c4 Re8 18. b3 Qh4 19. Nc2 Rd8 20. Qe2 Nc3 21. Qd2 Nxd1 22. Bg5 Qxf2+ 23. Qxf2 Nxf2 24. Bxd8 Ne4 25. cxd5 Bd7 26. Bb6 Rc8 27. Re2 Bb5 28. Re1 Rxc2 29. a4 Bd7 30. Bd1 Rd2 31. b4 Bd4+ 32. Bxd4 Rxd4 33. Re3 Kg7 34. Bb3 Rxb4 35. Rd3 Bxa4 36. Bxa4 Rxa4 37. d6 Nxd6 38. Rxd6 Rb4 39. Rd7+ Kh6 40. Kf2 a5 41. Rd5 a4 42. Ra5 b5 43. Ra6 Rb3 44. Ra5 a3 45. Ke1 b4 46. Kd1 Rb2 47. Kc1 Rxg2 48. Ra4 Rb2 49. Ra5 Kg5 50. Ra7 h5 51. Ra6 f4 52. h4+ Kf5 53. Rb6 f3 54. Rb5+ Kf4 55. Rb6 f2 56. Rf6+ Kg3 57. Rxf2 Rxf2 58. Kd1 a2 0-1

[Event "CAN-op"]
[Site "Edmonton CAN"]
[Date "2000.07.11"]
[Round "5"]
[White "Kleist, Carol"]
[Black "Das, Samir"]
[Result "1-0"]
[WhiteElo "1607"]
[BlackElo "1396"]
[PlyCount "77"]
[GameId "2160767911686459"]
[EventDate "2000.07.08"]
[EventType "swiss"]
[EventRounds "10"]
[EventCountry "CAN"]

1. d4 d5 2. c4 Nf6 3. cxd5 Qxd5 4. Nc3 Qf5 5. Nf3 e6 6. e3 Bb4 7. a3 Bxc3+ 8. bxc3 O-O 9. Bd3 Qa5 10. Bd2 Nc6 11. c4 Qh5 12. O-O e5 13. Nxe5 Qh4 14. Nxc6 bxc6 15. Rb1 Ng4 16. h3 Nf6 17. f3 Nh5 18. Be1 Ng3 19. Qc2 Bxh3 20. gxh3 Qxh3 21. Bxg3 Qxg3+ 22. Qg2 Qd6 23. Qh2 Qxh2+ 24. Kxh2 Rfe8 25. Rfe1 Rad8 26. Re2 Rb8 27. Rxb8 Rxb8 28. Be4 Rb3 29. Bxc6 Rxa3 30. Kg3 a5 31. c5 a4 32. Kf4 Ra1 33. Rb2 h5 34. Rb8+ Kh7 35. Rb7 a3 36. Bd5 f6 37. Rxc7 a2 38. Be4+ Kh8 39. Rc8# 1-0

[Event "CAN-op"]
[Site "Edmonton CAN"]
[Date "2000.07.11"]
[Round "5"]
[White "Klokow, John"]
[Black "Lipnowski, Samuel"]
[Result "0-1"]
[WhiteElo "1783"]
[BlackElo "2009"]
[PlyCount "54"]
[GameId "2160767911686460"]
[EventDate "2000.07.08"]
[EventType "swiss"]
[EventRounds "10"]
[EventCountry "CAN"]

1. e4 g6 2. d4 Bg7 3. Nc3 c6 4. f4 d6 5. Be3 Nf6 6. Be2 b5 7. e5 Nfd7 8. Nf3 a6 9. Qd2 O-O 10. g4 Bb7 11. Rd1 Qc7 12. e6 fxe6 13. Ng5 Rf6 14. Nce4 Nf8 15. Nxf6+ Bxf6 16. O-O Nbd7 17. Bf3 Nb6 18. Qd3 Nd5 19. Bd2 c5 20. dxc5 Qxc5+ 21. Kh1 Bxg5 22. fxg5 e5 23. Be4 Ne6 24. Qb3 Kg7 25. c3 Bc6 26. Bc1 Ndf4 27. Bf3 e4 0-1

[Event "CAN-op"]
[Site "Edmonton CAN"]
[Date "2000.07.11"]
[Round "5"]
[White "Kuczaj, Chris"]
[Black "Odachowski, Arthur"]
[Result "0-1"]
[WhiteElo "2072"]
[BlackElo "2336"]
[PlyCount "158"]
[GameId "2160767911686461"]
[EventDate "2000.07.08"]
[EventType "swiss"]
[EventRounds "10"]
[EventCountry "CAN"]

1. Nf3 Nf6 2. d4 g6 3. Bg5 Bg7 4. Nbd2 d6 5. e4 O-O 6. Be2 Nbd7 7. h3 e5 8. dxe5 dxe5 9. O-O Qe7 10. Re1 Rd8 11. Bf1 b6 12. c3 Bb7 13. Qc2 h6 14. Bh4 a5 15. b3 Qc5 16. Re3 Re8 17. Ne1 Nh5 18. Nd3 Qc6 19. f3 Nf4 20. Bf2 Rad8 21. a4 Qf6 22. b4 Ra8 23. Ree1 Bf8 24. Reb1 Ne6 25. bxa5 Rxa5 26. Nb3 Raa8 27. a5 Ba6 28. axb6 Bxd3 29. Bxd3 Nxb6 30. Bb5 Rxa1 31. Rxa1 Rd8 32. Rd1 Rxd1+ 33. Qxd1 Nf4 34. Bf1 Qc6 35. g3 Ne6 36. Qd3 Bd6 37. Na5 Qd7 38. Qb5 Qxb5 39. Bxb5 Bc5 40. Nc4 Nxc4 41. Bxc4 Bxf2+ 42. Kxf2 Nc5 43. Ke3 Kf8 44. Bb5 Ke7 45. h4 f6 46. f4 Nb7 47. fxe5 fxe5 48. g4 g5 49. hxg5 hxg5 50. Bc6 Na5 51. Bd5 Kd6 52. Kd3 Kc5 53. Be6 Nb7 54. Bc8 Nd6 55. Bd7 Kb6 56. Be6 Kc5 57. Bd7 Nf7 58. Be6 Nd8 59. Bd5 Kb5 60. Bc4+ Kb6 61. Bb3 Nb7 62. Bf7 Na5 63. Bd5 Kb5 64. Bf7 Ka4 65. Kc2 Nb7 66. Be8+ Ka3 67. Bb5 Nd6 68. Bc6 Nc4 69. Bd7 c5 70. Be6 Nd6 71. Kd3 Kb2 72. Bd5 Kc1 73. Bb3 Kb1 74. Be6 Kb2 75. Bd5 Ka3 76. Be6 Ka4 77. Bd7+ Kb3 78. Be6+ c4+ 79. Kd2 Nxe4+ 0-1

[Event "CAN-op"]
[Site "Edmonton CAN"]
[Date "2000.07.11"]
[Round "5"]
[White "Leku, Eset"]
[Black "Nathani, Kaleim"]
[Result "1/2-1/2"]
[WhiteElo "1713"]
[BlackElo "1963"]
[PlyCount "85"]
[GameId "2160767911686463"]
[EventDate "2000.07.08"]
[EventType "swiss"]
[EventRounds "10"]
[EventCountry "CAN"]

1. e4 d5 2. exd5 Nf6 3. Bb5+ c6 4. dxc6 Nxc6 5. Nc3 Bg4 6. f3 Bf5 7. d3 e6 8. Bg5 h6 9. Bh4 Bc5 10. Qd2 O-O 11. Nh3 a6 12. Bxc6 bxc6 13. Nf2 Rb8 14. Rb1 Rb4 15. Nce4 Nxe4 16. fxe4 Qxh4 17. exf5 Re8 18. O-O Bd6 19. h3 exf5 20. Rfe1 Reb8 21. c3 R4b7 22. b4 a5 23. a3 axb4 24. axb4 c5 25. b5 Rxb5 26. Rxb5 Rxb5 27. d4 cxd4 28. Qxd4 Qxd4 29. cxd4 Bg3 30. Rd1 Bxf2+ 31. Kxf2 Rb2+ 32. Kf3 g5 33. g3 Rb3+ 34. Kf2 Kf8 35. d5 Rb2+ 36. Kf3 Ke8 37. d6 Rb3+ 38. Kf2 Rb5 39. d7+ Kd8 40. Rd6 Re5 41. Rf6 Kxd7 42. Rxf7+ Ke6 43. Rh7 1/2-1/2